000 00302nam a2200121Ia 4500
008 190216s9999||||xx |||||||||||||| ||und||
100 _aAppan K P
245 0 _aMalayalam-Uthradunikatha Varthamanavum Vamshavaliyum
260 _bDc Books Kottayam
300 _a123
650 _aMalayalam
942 _cBK
999 _c27704
_d27704